Catálogo
 En Linea

Revue generale de droit international public. (Registro nro. 1258)

Detalles MARC
000 -CABECERA
campo de control de longitud fija 01692cas a2200433 a 4500
001 - NÚMERO DE CONTROL
campo de control 000001325
005 - FECHA Y HORA DE LA ÚLTIMA TRANSACCIÓN
campo de control 20200929145537.0
008 - DATOS DE LONGITUD FIJA--INFORMACIÓN GENERAL
campo de control de longitud fija 751101c18949999fr qr p g 0 b0fre
022 ## - NÚMERO INTERNACIONAL NORMALIZADO PARA PUBLICACIONES SERIADAS
Número Internacional Normalizado para Publicaciones Seriadas 0373-6156
040 ## - FUENTE DE LA CATALOGACIÓN
Centro catalogador/agencia de origen DO-SdBNP
Lengua de catalogación spa
Centro/agencia transcriptor BNPHU
012 ## -
-- -3-7-0707240368-p-8705
210 0# - TÍTULO ABREVIADO
Título abreviado Rev. gen. droit int. public
222 #0 - TÍTULO CLAVE
Título clave Revue generale de droit international public
245 00 - MENCIÓN DE TÍTULO
Título Revue generale de droit international public.
246 30 - FORMA VARIANTE DE TÍTULO
Título propio/Titulo breve Droit international public
260 ## - PUBLICACIÓN, DISTRIBUCIÓN, ETC.
Lugar de publicación, distribución, etc. Paris :
Nombre del editor, distribuidor, etc. A. Pedone.
249 0# -
-- ACQUIRE Title:
-- Revue generale de droit international public
300 ## - DESCRIPCIÓN FÍSICA
Extensión v. :
Otras características físicas maps ;
Dimensiones 25 cm.
310 ## - PERIODICIDAD ACTUAL
Periodicidad actual Quarterly,
Fecha de comienzo de la periodicidad actual 19
321 ## - PERIODICIDAD ANTERIOR
Periodicidad anterior Bimonthly,
Fechas de la periodicidad anterior 1894-19
362 1# - FECHAS DE PUBLICACIÓN Y/O DESIGNACIÓN SECUENCIAL
Fecha de publicación y/o designación secuencial Began in 1894.
500 ## - NOTA GENERAL
Nota general On t.p. of v. 13 (1906)-80 (1976): Recompensee par l'institut de France, 1904; Fondation Drouyn de Lhuys; Academie des sciences morales et politiques.
500 ## - NOTA GENERAL
Nota general Description based on: 15e annee, nos 1 et 2 (1908 janv.-avril); title from cover.
515 ## - NOTA DE PECULIARIDADES DE LA NUMERACIÓN
Nota de peculiaridades de la numeración Vols. 26-33 called also 2 ser., v. 1-8; v. 34-80 called also 3 ser., v. 1-[47].
500 ## - NOTA GENERAL
Nota general Latest issue consulted: T. 106 (2002/1).
590 ## - NOTA LOCAL (RLIN)
Nota local Being reclassed from JX3.R56

No hay ítems disponibles.

Con tecnología Koha